Microbes at work : from wastes to resources /

Guardado en:
Otros Autores: Insam, Heribert, 1957-, Franke-Whittle, Ingrid., Goberna, Marta.
Formato: Libro
Idioma:English
Publicado: Heidelberg ; London : Springer, c2010.
Materias:
Acceso en línea:Tabla de contenidos
Etiquetas: Agregar Etiqueta
Sin Etiquetas, Sea el primero en etiquetar este registro!
LEADER 00984nam a22002535a 4500
001 EEA.libagro008490
005 20170929100545.0
008 130809s2010####enka#####b####000#0#eng#d
020 |z 9783642040429 
082 0 4 |a 576.162 
245 1 0 |a Microbes at work :  |b from wastes to resources /  |c Heribert Insam, Ingrid Franke-Whittle, Marta Goberna, editors. 
260 |a Heidelberg ;  |a London :  |b Springer,  |c c2010. 
300 |a viii, 329 p. :  |b il. (algunas col.) ;  |c 24 cm. 
504 |a Incluye referencias bibliográficas e índice. 
650 7 |a Microbiología  |2 agrovoc 
650 7 |a Microorganismos del suelo  |2 agrovoc 
650 7 |a Desechos orgánicos  |2 agrovoc 
650 7 |a Compost  |2 agrovoc 
650 7 |a Biotecnología  |2 agrovoc 
700 1 |a Insam, Heribert,  |d 1957- 
700 1 |a Franke-Whittle, Ingrid. 
700 1 |a Goberna, Marta. 
856 |u https://link.springer.com/book/10.1007%2F978-3-642-04043-6  |3 Tabla de contenidos 
859 |a AR-BbBCA  |b BIB. AGRONOMIA  |h 576.162  |i I59  |p 2011/5903